000 00303nam a22001337a 4500
008 170714b xxu||||| |||| 00| 0 eng d
020 _a9781561011780
041 _aeng
080 _a030
100 _a24
101 _aFJA
245 _aA DICTIONARY FOR EPISCOPALIANS
_cWALL.J.N
942 _2udc
_cBK
999 _c20879
_d20879